Chemical process principles (Record no. 3170)

000 -LEADER
fixed length control field 00633nam a22002291 4500
001 - CONTROL NUMBER
control field 3170
003 - CONTROL NUMBER IDENTIFIER
control field BD-DhUET
008 - FIXED-LENGTH DATA ELEMENTS--GENERAL INFORMATION
fixed length control field 840614m19549999nyua 000 0 eng
020 ## - INTERNATIONAL STANDARD BOOK NUMBER
International Standard Book Number 8123909535
040 ## - CATALOGING SOURCE
Original cataloging agency DLC/ICU
Transcribing agency ICU
Modifying agency BD-DhUET
082 00 - DEWEY DECIMAL CLASSIFICATION NUMBER
Classification number 660.28
Item number HOU/1995
100 1# - MAIN ENTRY--PERSONAL NAME
Personal name Hougen, Olaf A.
245 10 - TITLE STATEMENT
Title Chemical process principles
250 ## - EDITION STATEMENT
Edition statement 2nd ed.
260 ## - PUBLICATION, DISTRIBUTION, ETC. (IMPRINT)
Place of publication, distribution, etc. New Delhi
Name of publisher, distributor, etc. CBS Publishers & Distributors
Date of publication, distribution, etc. 1995
300 ## - PHYSICAL DESCRIPTION
Extent xiv,504p.+xxxix
Other physical details illus.
Dimensions 24 cm.
500 ## - GENERAL NOTE
General note Part-1 (Material & energy balances)
650 #0 - SUBJECT ADDED ENTRY--TOPICAL TERM
Topical term or geographic name as entry element Chemical engineering
700 ## - ADDED ENTRY--PERSONAL NAME
Personal name Waston, Kenneth M.
700 ## - ADDED ENTRY--PERSONAL NAME
Personal name Ragatz, Roland A.
942 ## - ADDED ENTRY ELEMENTS (KOHA)
Koha item type General Book
Holdings
Koha normalized classification for sorting Location (home branch) Withdrawn status Damaged status Date acquired Koha date last borrowed Copy number Koha item type Sublocation or collection (holding branch) Lost status Koha date last seen Koha full call number Piece designation (barcode) Price effective from Shelving location Source of classification or shelving scheme Koha issues (times borrowed) Not for loan Koha renewals
660_000000000000000_28HOU1995Central Library, BUET  2014-10-212022-08-011General BookCentral Library, BUET 2025-05-25660.28/HOU/19951127672014-10-21Circulation section 1 2
660_280000000000000_HOU_1995Central Library, BUET  2015-06-13 2General BookCentral Library, BUET 2015-09-08660.28 HOU/19951137112015-09-08Acquisition section